[Event "Geller Memorial op-A 3rd"]
[Site "Odessa"]
[Date "2007.09.15"]
[Round "8"]
[White "Paramonov, Dimitriy"]
[Black "Bugaev, Viktor"]
[Result "1-0"]
[WhiteElo "2358"]
[BlackElo "1926"]
[PlyCount "70"]
[EventDate "2007.09.08"]
[EventType "swiss"]
[EventRounds "9"]
[EventCountry "UKR"]
[SourceTitle "CBM 120 Extra"]
[Source "ChessBase"]
[SourceDate "2007.11.01"]
[SourceVersion "1"]
[SourceVersionDate "2007.11.01"]
[SourceQuality "1"]

1. e4 e6 2. d4 d5 3. Nc3 dxe4 4. Nxe4 Bd7 5. Nf3 Bc6 6. Bd3 Nd7 7. c3 Ngf6 8. Qc2 Nxe4 9. Bxe4 Bxe4 10. Qxe4 c6 11. Bg5 Be7 12. h4 h6 13. Bd2 Qa5 14. Qc2 e5 15. 0-0 0-0 16. Rfe1 Qd8 17. dxe5 Bxh4 18. Rad1 Be7 19. Bxh6 Qc7 20. Bg5 Rfe8 21. e6 fxe6 22. Rxe6 Nf8 23. Qe4 Red8 24. Re1 Bxg5 25. Nxg5 Rd5 26. Re7 Qd6 27. f4 b5 28. Qf3 Rd8 29. Qe3 Rd7 30. Re8 Rf5 31. Qh3 g6 32. R1e6 Qc5+ 33. Kh2 Rxg5 34. fxg5 Rg7 35. Rf6 Rh7 1-0

[Event "Alushta Autumn 1st"]
[Site "Alushta"]
[Date "2005.09.05"]
[Round "3"]
[White "Paramonov, Dimitriy"]
[Black "Zinchenko, Yaroslav"]
[Result "0-1"]
[WhiteElo "2395"]
[BlackElo "2493"]
[PlyCount "76"]
[EventDate "2005.09.04"]
[EventType "tourn"]
[EventRounds "18"]
[EventCountry "UKR"]
[EventCategory "8"]
[SourceTitle "CBM 108 Extra"]
[Source "ChessBase"]
[SourceDate "2005.11.04"]
[SourceVersion "1"]
[SourceVersionDate "2005.11.04"]
[SourceQuality "1"]

1. e4 c5 2. Nf3 Nc6 3. d4 cxd4 4. Nxd4 Nf6 5. Nc3 e5 6. Ndb5 d6 7. Nd5 Nxd5 8. exd5 Nb8 9. c4 Be7 10. Be2 a6 11. Nc3 0-0 12. 0-0 f5 13. f4 Nd7 14. g3 Bf6 15. Qc2 exf4 16. gxf4 b5 17. Be3 Re8 18. Bf2 b4 19. Na4 Re4 20. Bf3 Rxf4 21. Bg3 Rd4 22. Bxd6 Ne5 23. Bxe5 Bxe5 24. Rae1 Bf4 25. Rf2 Bd7 26. c5 Qh4 27. Ree2 Bb5 28. Nb6 Rf8 29. c6 Bd3 30. Qd1 Bxe2 31. Qxe2 Qg5+ 32. Kh1 Be3 33. Rf1 Rd2 34. Qc4 Bxb6 35. d6+ Kh8 36. c7 Qh6 37. Bg2 Qg6 38. Be4 Qxd6 0-1

[Event "Alushta Autumn 1st"]
[Site "Alushta"]
[Date "2004.09.04"]
[Round "11"]
[White "Paramonov, Dimitriy"]
[Black "Tishin, Dmitry"]
[Result "1/2-1/2"]
[WhiteElo "2362"]
[BlackElo "2372"]
[PlyCount "62"]
[EventDate "2004.08.28"]
[EventType "tourn"]
[EventRounds "15"]
[EventCountry "UKR"]
[EventCategory "9"]
[SourceTitle "CBM 103"]
[Source "ChessBase"]
[SourceDate "2004.11.11"]
[SourceVersion "1"]
[SourceVersionDate "2004.11.11"]
[SourceQuality "1"]

1. e4 c6 2. d4 d5 3. Nc3 dxe4 4. Nxe4 Nd7 5. Ng5 Ngf6 6. Bd3 e6 7. N1f3 Bd6 8. Qe2 h6 9. Ne4 Nxe4 10. Qxe4 Nf6 11. Qe2 b6 12. Bd2 Bb7 13. 0-0-0 Qc7 14. Ne5 0-0-0 15. f4 Kb8 16. Rhe1 c5 17. dxc5 Bxc5 18. Kb1 Rhf8 19. g4 Bd6 20. a3 Nd7 21. Be4 Bxe4 22. Qxe4 Bxe5 23. fxe5 Nc5 24. Qh7 Rd4 25. Bc3 Rxg4 26. Rg1 Rd8 27. Rxd8+ Qxd8 28. Rxg4 Qd1+ 29. Ka2 Qxg4 30. Qg8+ Kb7 31. Qxf7+ Ka6 1/2-1/2

[Event "Alushta Autumn 1st"]
[Site "Alushta"]
[Date "2004.09.02"]
[Round "8"]
[White "Annageldyev, Orazly"]
[Black "Paramonov, Dimitriy"]
[Result "1-0"]
[WhiteElo "2458"]
[BlackElo "2362"]
[PlyCount "59"]
[EventDate "2004.08.28"]
[EventType "tourn"]
[EventRounds "15"]
[EventCountry "UKR"]
[EventCategory "9"]
[SourceTitle "CBM 103"]
[Source "ChessBase"]
[SourceDate "2004.11.11"]
[SourceVersion "1"]
[SourceVersionDate "2004.11.11"]
[SourceQuality "1"]

1. d4 d5 2. c4 c6 3. Nf3 Nf6 4. Nc3 e6 5. e3 Nbd7 6. Qc2 b6 7. Bd3 Bb7 8. 0-0 Be7 9. b3 0-0 10. Bb2 Bd6 11. Rad1 Re8 12. e4 dxe4 13. Nxe4 Nxe4 14. Bxe4 Nf6 15. c5 Bf8 16. Rfe1 Qc7 17. Re3 Rad8 18. Ng5 h6 19. Bh7+ Kh8 20. d5 cxd5 21. Be5 Qd7 22. Rh3 Ng4 23. Bg8 f5 24. Bxe6 Rxe6 25. Qxf5 Nf6 26. Nxe6 Re8 27. Rxh6+ Kg8 28. Rxf6 gxf6 29. Qg6+ Bg7 30. Nxg7 1-0

[Event "Alushta Autumn 1st"]
[Site "Alushta"]
[Date "2004.08.29"]
[Round "2"]
[White "Kobylkin, Evgeni"]
[Black "Paramonov, Dimitriy"]
[Result "1-0"]
[WhiteElo "2444"]
[BlackElo "2362"]
[PlyCount "69"]
[EventDate "2004.08.28"]
[EventType "tourn"]
[EventRounds "15"]
[EventCountry "UKR"]
[EventCategory "9"]
[SourceTitle "CBM 103"]
[Source "ChessBase"]
[SourceDate "2004.11.11"]
[SourceVersion "1"]
[SourceVersionDate "2004.11.11"]
[SourceQuality "1"]

1. d4 d5 2. c4 c6 3. Nf3 Nf6 4. Nc3 e6 5. Bg5 h6 6. Bxf6 Qxf6 7. Qb3 Nd7 8. e4 dxe4 9. Nxe4 Qf4 10. Bd3 Be7 11. 0-0 0-0 12. Rfe1 b6 13. Bc2 Bb7 14. Qd3 Rfd8 15. Ng3 Nf8 16. Re5 g6 17. Qe2 Bf6 18. Ne4 Bxe5 19. g3 Qxf3 20. Qxf3 Bxd4 21. Rd1 Be5 22. c5 Rab8 23. b4 Nd7 24. h4 bxc5 25. bxc5 Ba6 26. h5 g5 27. Nd6 Nf6 28. Qxc6 Rb2 29. Nxf7 Rxd1+ 30. Bxd1 Kxf7 31. Qxa6 Bd4 32. Bb3 Bxf2+ 33. Kf1 Nd5 34. Bxd5 exd5 35. Qg6+ 1-0

[Event "Alushta Autumn 1st"]
[Site "Alushta"]
[Date "2004.08.29"]
[Round "3"]
[White "Paramonov, Dimitriy"]
[Black "Ovetchkin, Roman"]
[Result "0-1"]
[WhiteElo "2362"]
[BlackElo "2475"]
[PlyCount "64"]
[EventDate "2004.08.28"]
[EventType "tourn"]
[EventRounds "15"]
[EventCountry "UKR"]
[EventCategory "9"]
[SourceTitle "CBM 103"]
[Source "ChessBase"]
[SourceDate "2004.11.11"]
[SourceVersion "1"]
[SourceVersionDate "2004.11.11"]
[SourceQuality "1"]

1. e4 c6 2. d4 d5 3. Nc3 dxe4 4. Nxe4 Bf5 5. Nc5 b6 6. Nb3 e6 7. Nf3 Bd6 8. g3 Ne7 9. Bg2 h6 10. 0-0 Nd7 11. Qe2 Qc7 12. c4 0-0 13. Be3 Qb7 14. Rac1 Qa6 15. Rfd1 Qxa2 16. Nc5 Nxc5 17. dxc5 Bxc5 18. Bxc5 bxc5 19. Ra1 Qb3 20. Ra3 Qb7 21. Rda1 Rfd8 22. Qe3 Qxb2 23. Qxc5 Ng6 24. R3a2 Qxa2 25. Rxa2 Rd1+ 26. Bf1 Bh3 27. Nd2 Rd8 28. Qa5 R8xd2 29. Ra1 Bxf1 30. Qa4 Rxa1 31. Qxa1 Bxc4 32. Qc1 Ne5 0-1

[Event "EU-Cup 19th"]
[Site "Rethymno"]
[Date "2003.09.30"]
[Round "3.3"]
[White "Paramonov, Dimitriy"]
[Black "Nivala, Tuomas"]
[Result "1-0"]
[WhiteElo "2354"]
[BlackElo "2196"]
[PlyCount "93"]
[EventDate "2003.09.28"]
[EventType "team-swiss"]
[EventRounds "7"]
[EventCountry "GRE"]
[SourceTitle "CBM 098"]
[Source "ChessBase"]
[SourceDate "2004.02.03"]
[SourceVersion "1"]
[SourceVersionDate "2004.02.03"]
[SourceQuality "1"]
[WhiteTeam "Vitebsk"]
[BlackTeam "Joensuu SK"]
[WhiteTeamCountry "BLR"]
[BlackTeamCountry "FIN"]

1. e4 e6 2. d4 d5 3. Nc3 Bb4 4. e5 Qd7 5. a3 Bxc3+ 6. bxc3 b6 7. Qg4 f5 8. Qg3 Ba6 9. Bxa6 Nxa6 10. Ne2 Rc8 11. Nf4 Kf7 12. Qd3 Nb8 13. h4 c5 14. Rh3 Ne7 15. Rg3 Qa4 16. Qe2 cxd4 17. cxd4 Qxd4 18. Rxg7+ Ke8 19. Rb1 Kd7 20. Nh5 Rc7 21. Be3 Qc3+ 22. Bd2 Qc4 23. Bb4 Qxe2+ 24. Kxe2 Nbc6 25. Bd6 Rb7 26. Nf6+ Kc8 27. h5 f4 28. Nxh7 Nd4+ 29. Kd3 Ndf5 30. Rf7 Nxd6 31. exd6 Nf5 32. Rf8+ Rxf8 33. Nxf8 e5 34. d7+ Kc7 35. Rb5 Rb8 36. d8Q+ Rxd8 37. Ne6+ Kc6 38. Nxd8+ Kxb5 39. Nf7 e4+ 40. Kd2 e3+ 41. fxe3 fxe3+ 42. Ke1 Kc4 43. h6 Nh4 44. h7 Nxg2+ 45. Ke2 Nf4+ 46. Kxe3 Ng6 47. Ne5+ 1-0

[Event "EU-Cup 19th"]
[Site "Rethymno"]
[Date "2003.09.29"]
[Round "2.3"]
[White "Salmensuu, Olli"]
[Black "Paramonov, Dimitriy"]
[Result "1-0"]
[WhiteElo "2410"]
[BlackElo "2354"]
[PlyCount "63"]
[EventDate "2003.09.28"]
[EventType "team-swiss"]
[EventRounds "7"]
[EventCountry "GRE"]
[SourceTitle "CBM 098"]
[Source "ChessBase"]
[SourceDate "2004.02.03"]
[SourceVersion "1"]
[SourceVersionDate "2004.02.03"]
[SourceQuality "1"]
[WhiteTeam "Jyvaskyla JyS"]
[BlackTeam "Vitebsk"]
[WhiteTeamCountry "FIN"]
[BlackTeamCountry "BLR"]

1. e4 c5 2. Nc3 Nc6 3. Bb5 Nd4 4. Bc4 g6 5. Nge2 Bg7 6. 0-0 d6 7. Nxd4 cxd4 8. Qf3 Nh6 9. Ne2 0-0 10. h3 e6 11. d3 Qb6 12. a4 f5 13. a5 Qc5 14. b4 Qc7 15. Nxd4 fxe4 16. Bxe6+ Bxe6 17. Nxe6 Qc8 18. Qxe4 Re8 19. Bxh6 Bxa1 20. Rd1 Qxe6 21. Qxb7 Qe5 22. c3 a6 23. Rc1 Reb8 24. Qf3 Ra7 25. Be3 Rc7 26. Bb6 Rf7 27. Qc6 d5 28. Bd4 Qf5 29. Qxa6 Re8 30. Rf1 Qg5 31. Qc6 Re2 32. a6 1-0

[Event "Sea festival"]
[Site "Lithuania"]
[Date "2003.??.??"]
[Round "3"]
[White "Kveinys, Aloyzas"]
[Black "Paramonov, Dimitriy"]
[Result "1/2-1/2"]
[WhiteElo "2525"]
[BlackElo "2354"]
[PlyCount "96"]
[EventDate "2003.??.??"]
[EventType "team"]
[EventRounds "7"]
[EventCountry "LTU"]
[SourceTitle "EXT 2005"]
[Source "ChessBase"]
[SourceDate "2004.11.15"]
[SourceVersion "1"]
[SourceVersionDate "2004.11.15"]
[SourceQuality "1"]

1. e4 c5 2. Nf3 d6 3. d4 cxd4 4. Nxd4 Nf6 5. Nc3 a6 6. h3 e6 7. g4 d5 8. Bg2 Bb4 9. Nde2 Nc6 10. a3 Bxc3+ 11. Nxc3 Nxe4 12. Nxe4 dxe4 13. Qxd8+ Nxd8 14. Bxe4 Bd7 15. Be3 Bc6 16. Bxc6+ Nxc6 17. 0-0-0 Rd8 18. Bb6 Rd7 19. f4 Ke7 20. Rxd7+ Kxd7 21. Rd1+ Kc8 22. c4 Nb8 23. Bd4 f6 24. g5 Nd7 25. gxf6 gxf6 26. Rg1 e5 27. fxe5 Nxe5 28. Bxe5 fxe5 29. Rg7 Rf8 30. Rxh7 Rf4 31. c5 Rc4+ 32. Kd2 Rxc5 33. Rg7 Rd5+ 34. Ke2 e4 35. Rg2 Rd3 36. Rh2 Rb3 37. Kd1 Kd7 38. Kc2 Rg3 39. h4 Ke6 40. h5 Kf7 41. h6 Kg8 42. Re2 Rg4 43. Kc3 Rh4 44. Kd4 Kf8 45. Rxe4 Rxh6 46. Kd5 Rb6 47. b4 Kf7 48. Re3 a5 1/2-1/2

[Event "Sea festival"]
[Site "Lithuania"]
[Date "2003.??.??"]
[Round "5"]
[White "Limontaite, Simona"]
[Black "Paramonov, Dimitriy"]
[Result "0-1"]
[WhiteElo "2090"]
[BlackElo "2354"]
[PlyCount "62"]
[EventDate "2003.??.??"]
[EventType "team"]
[EventRounds "7"]
[EventCountry "LTU"]
[SourceTitle "EXT 2005"]
[Source "ChessBase"]
[SourceDate "2004.11.15"]
[SourceVersion "1"]
[SourceVersionDate "2004.11.15"]
[SourceQuality "1"]

1. d4 Nf6 2. Bg5 d5 3. Bxf6 exf6 4. e3 Be7 5. Bd3 c6 6. Qf3 Qb6 7. b3 a5 8. a3 Na6 9. Ne2 Nc7 10. Nd2 Ne6 11. h4 h5 12. Nf4 Nxf4 13. Qxf4 Qd8 14. Bf5 g5 15. hxg5 fxg5 16. Qe5 f6 17. Bg6+ Kf8 18. Qh2 Kg7 19. Bd3 Bd6 20. Qg1 Qe7 21. a4 Bb4 22. Rb1 Bd7 23. Qf1 Rae8 24. Be2 g4 25. Kd1 h4 26. Qe1 f5 27. Bd3 f4 28. c4 Qg5 29. Kc2 fxe3 30. fxe3 Rxe3 31. Qd1 Rxd3 0-1

[Event "Serpukhov-F"]
[Site "Serpukhov"]
[Date "2003.??.??"]
[Round "6"]
[White "Paramonov, Dimitriy"]
[Black "Kiselev, Artiom"]
[Result "0-1"]
[WhiteElo "2352"]
[BlackElo "2251"]
[PlyCount "58"]
[EventDate "2003.??.??"]
[EventType "tourn"]
[EventRounds "13"]
[EventCountry "RUS"]
[EventCategory "1"]
[SourceTitle "EXT 2005"]
[Source "ChessBase"]
[SourceDate "2004.11.15"]
[SourceVersion "1"]
[SourceVersionDate "2004.11.15"]
[SourceQuality "1"]

1. e4 c5 2. Nf3 Nc6 3. d4 cxd4 4. Nxd4 Nf6 5. Nc3 e5 6. Ndb5 d6 7. Nd5 Nxd5 8. exd5 Nb8 9. c4 a6 10. Qa4 Nd7 11. c5 Rb8 12. Nxd6+ Bxd6 13. cxd6 0-0 14. Be3 Nf6 15. Ba7 Ra8 16. Bc5 Nxd5 17. Rd1 Bd7 18. Qe4 Nf4 19. Qe3 Qa5+ 20. Rd2 Qxa2 21. f3 Rae8 22. Kf2 Nd5 23. Qe4 Nf6 24. Qc2 e4 25. Bc4 Qa5 26. b4 Qd8 27. Qc3 exf3 28. gxf3 b6 29. Bd4 Nd5 0-1

[Event "Serpukhov-F"]
[Site "Serpukhov"]
[Date "2003.??.??"]
[Round "11"]
[White "Paramonov, Dimitriy"]
[Black "Lagvilava, Genrieta"]
[Result "1/2-1/2"]
[WhiteElo "2352"]
[BlackElo "2290"]
[PlyCount "79"]
[EventDate "2003.??.??"]
[EventType "tourn"]
[EventRounds "13"]
[EventCountry "RUS"]
[EventCategory "1"]
[SourceTitle "EXT 2005"]
[Source "ChessBase"]
[SourceDate "2004.11.15"]
[SourceVersion "1"]
[SourceVersionDate "2004.11.15"]
[SourceQuality "1"]

1. e4 c6 2. d4 d5 3. Nc3 dxe4 4. Nxe4 Bf5 5. Ng3 Bg6 6. h4 h6 7. Nf3 e6 8. Ne5 Bh7 9. Bc4 Nf6 10. Qe2 Nd5 11. Bb3 Nd7 12. Nh5 Nxe5 13. dxe5 Qc7 14. Rh3 0-0-0 15. Bd2 Rg8 16. 0-0-0 Be7 17. f4 Kb8 18. Rf1 Bb4 19. c3 Be7 20. g4 Bg6 21. Ng3 Rge8 22. Ne4 Bf8 23. a3 Ka8 24. c4 Bxe4 25. Qxe4 Nb6 26. Ba5 Bc5 27. Rd1 Qe7 28. h5 f6 29. Bc3 fxe5 30. Bxe5 Nd7 31. Rhd3 Nxe5 32. Qxe5 Bb6 33. Rxd8+ Rxd8 34. Rxd8+ Bxd8 35. f5 exf5 36. Qxe7 Bxe7 37. gxf5 Bg5+ 38. Kc2 Kb8 39. Ba2 Kc7 40. c5 1/2-1/2

[Event "Serpukhov-F"]
[Site "Serpukhov"]
[Date "2003.??.??"]
[Round "9"]
[White "Skalozubov, Alexander"]
[Black "Paramonov, Dimitriy"]
[Result "1/2-1/2"]
[WhiteElo "2236"]
[BlackElo "2352"]
[PlyCount "51"]
[EventDate "2003.??.??"]
[EventType "tourn"]
[EventRounds "13"]
[EventCountry "RUS"]
[EventCategory "1"]
[SourceTitle "EXT 2005"]
[Source "ChessBase"]
[SourceDate "2004.11.15"]
[SourceVersion "1"]
[SourceVersionDate "2004.11.15"]
[SourceQuality "1"]

1. b4 Nf6 2. Bb2 g6 3. e3 Bg7 4. d4 0-0 5. Nf3 d6 6. Bd3 Nbd7 7. 0-0 e5 8. dxe5 Ng4 9. Nbd2 Ndxe5 10. Rb1 a5 11. b5 Be6 12. h3 Nxd3 13. cxd3 Ne5 14. Qa4 Re8 15. a3 Bf5 16. e4 Bd7 17. Nxe5 dxe5 18. Nf3 c5 19. Qc4 b6 20. a4 Be6 21. Qc2 Qd6 22. Rbd1 Rad8 23. Ng5 Bc8 24. Qc4 Re7 25. Kh1 Qf6 26. f4 1/2-1/2

[Event "Petrov Memorial op"]
[Site "St Petersburg"]
[Date "2002.02.18"]
[Round "7"]
[White "Paramonov, Dimitriy"]
[Black "Mirovshchikov, Sergey"]
[Result "1/2-1/2"]
[WhiteElo "2323"]
[BlackElo "2402"]
[PlyCount "133"]
[EventDate "2002.02.12"]
[EventType "swiss"]
[EventRounds "9"]
[EventCountry "RUS"]
[SourceTitle "CBM 086 Extra"]
[Source "ChessBase"]
[SourceDate "2002.03.14"]
[SourceVersion "1"]
[SourceVersionDate "2002.03.14"]
[SourceQuality "1"]

1. e4 c5 2. Nf3 e6 3. d4 cxd4 4. Nxd4 Nc6 5. Nc3 d6 6. Be2 Be7 7. 0-0 Nf6 8. Kh1 0-0 9. f4 e5 10. Nf3 a6 11. Bd3 exf4 12. Bxf4 Be6 13. e5 dxe5 14. Nxe5 Nb4 15. Be2 Qxd1 16. Raxd1 Rad8 17. Bf3 Nfd5 18. Nxd5 Bxd5 19. Bxd5 Nxd5 20. Bd2 Bf6 21. Ng4 Bxb2 22. Rb1 Bd4 23. Rxb7 h5 24. Nf2 Rfe8 25. Nd3 Bf6 26. Re1 Rxe1+ 27. Nxe1 Re8 28. Nf3 Rc8 29. Ne1 h4 30. Kg1 Rc4 31. Rb3 Nc3 32. a3 Nb5 33. Kf2 Ra4 34. Bb4 a5 35. Bc5 Nd4 36. Rd3 Rc4 37. Bb6 Nc6 38. Ke2 Be7 39. Kd1 Ra4 40. Rc3 Ne5 41. Nd3 Nd7 42. Rc8+ Kh7 43. Rc7 Nxb6 44. Rxe7 Rg4 45. Re2 Nc4 46. Ne5 Rd4+ 47. Kc1 Nxa3 48. Nxf7 Nc4 49. Ne5 Nb6 50. Nf3 Ra4 51. Re6 Nd7 52. Ng5+ Kg8 53. Re8+ Nf8 54. Ra8 Rg4 55. Ne6 Kf7 56. Nxf8 Rxg2 57. h3 Rg3 58. Nh7 Kg6 59. Rxa5 Kxh7 60. Rh5+ Kg6 61. Rxh4 Kf6 62. Rh8 g5 63. h4 g4 64. Kd2 Kf5 65. c4 Ke4 66. h5 Rg2+ 67. Ke1 1/2-1/2

[Event "Petrov Memorial op"]
[Site "St Petersburg"]
[Date "2002.02.17"]
[Round "6"]
[White "Rogovoi, Mark"]
[Black "Paramonov, Dimitriy"]
[Result "0-1"]
[WhiteElo "2187"]
[BlackElo "2323"]
[PlyCount "76"]
[EventDate "2002.02.12"]
[EventType "swiss"]
[EventRounds "9"]
[EventCountry "RUS"]
[SourceTitle "CBM 086 Extra"]
[Source "ChessBase"]
[SourceDate "2002.03.14"]
[SourceVersion "1"]
[SourceVersionDate "2002.03.14"]
[SourceQuality "1"]

1. e4 c5 2. Nf3 d6 3. d4 cxd4 4. Nxd4 Nf6 5. Nc3 a6 6. Be2 e6 7. f4 Qc7 8. 0-0 Be7 9. Kh1 Nc6 10. a4 0-0 11. Be3 Re8 12. Bf3 Bf8 13. g4 Nxd4 14. Bxd4 e5 15. Bg1 exf4 16. g5 Nd7 17. Nd5 Qd8 18. Bg2 Ne5 19. Rxf4 Ng6 20. Rf1 Re5 21. Bb6 Qxg5 22. Qf3 Bg4 23. Qxf7+ Kh8 24. Bd4 Ree8 25. Nf6 Be6 26. Qxe8 Rxe8 27. Nxe8 Kg8 28. Nc7 Bc4 29. Rf2 Nh4 30. b3 Qa5 31. Nd5 Bxd5 32. exd5 Nxg2 33. Rxg2 Qxd5 34. Bb2 Qe4 35. Rf1 d5 36. h3 Qe3 37. h4 Qh3+ 38. Kg1 Bc5+ 0-1

[Event "Petrov Memorial op"]
[Site "St Petersburg"]
[Date "2002.02.15"]
[Round "4"]
[White "Paramonov, Dimitriy"]
[Black "Zacurdajev, Mikhail"]
[Result "1-0"]
[WhiteElo "2323"]
[BlackElo "2210"]
[PlyCount "71"]
[EventDate "2002.02.12"]
[EventType "swiss"]
[EventRounds "9"]
[EventCountry "RUS"]
[SourceTitle "CBM 086 Extra"]
[Source "ChessBase"]
[SourceDate "2002.03.14"]
[SourceVersion "1"]
[SourceVersionDate "2002.03.14"]
[SourceQuality "1"]

1. e4 e6 2. d4 d5 3. Nc3 Bb4 4. e5 c5 5. a3 Ba5 6. b4 cxd4 7. Qg4 Ne7 8. Qxg7 Rg8 9. Qxh7 dxc3 10. bxa5 Nbc6 11. f4 Qxa5 12. Rb1 a6 13. Nf3 Bd7 14. Rxb7 0-0-0 15. Rb1 Nf5 16. Qh3 Rh8 17. Qg4 f6 18. exf6 Be8 19. h4 Bh5 20. Qh3 Bg6 21. Bd3 Rdg8 22. f7 Rf8 23. g4 Nxh4 24. Nxh4 Bxd3 25. Qxd3 Rxf7 26. Qg6 Rfh7 27. Qxe6+ Kc7 28. f5 Qa4 29. Rf1 Qxc2 30. Bf4+ Kd8 31. Qd6+ Rd7 32. Rb8+ Nxb8 33. Qxb8+ Ke7 34. Ng6+ Kf7 35. Nxh8+ Kg7 36. Be5+ 1-0

[Event "Petrov Memorial op"]
[Site "St Petersburg"]
[Date "2002.02.13"]
[Round "2"]
[White "Paramonov, Dimitriy"]
[Black "Lobanov, Konstantin"]
[Result "1-0"]
[WhiteElo "2323"]
[BlackElo "2126"]
[PlyCount "23"]
[EventDate "2002.02.12"]
[EventType "swiss"]
[EventRounds "9"]
[EventCountry "RUS"]
[SourceTitle "CBM 086 Extra"]
[Source "ChessBase"]
[SourceDate "2002.03.14"]
[SourceVersion "1"]
[SourceVersionDate "2002.03.14"]
[SourceQuality "1"]

1. e4 e5 2. Nf3 Nc6 3. d4 exd4 4. Nxd4 Qh4 5. Nb5 Qxe4+ 6. Be2 Bb4+ 7. Bd2 Qe5 8. 0-0 Nge7 9. Re1 0-0 10. Bd3 Qf6 11. N1c3 Bd6 12. Ne4 1-0

[Event "Klaipeda 750 jub"]
[Site "Klaipeda"]
[Date "2002.??.??"]
[Round "6"]
[White "Jegorovas, Aleksandras"]
[Black "Paramonov, Dimitriy"]
[Result "1/2-1/2"]
[WhiteElo "2200"]
[BlackElo "2311"]
[PlyCount "71"]
[EventDate "2002.??.??"]
[EventType "swiss"]
[EventRounds "7"]
[EventCountry "LTU"]
[SourceTitle "EXT 2005"]
[Source "ChessBase"]
[SourceDate "2004.11.15"]
[SourceVersion "1"]
[SourceVersionDate "2004.11.15"]
[SourceQuality "1"]

1. d4 Nf6 2. c4 e6 3. Nc3 Bb4 4. e3 0-0 5. Bd3 d5 6. Nf3 c5 7. 0-0 cxd4 8. exd4 dxc4 9. Bxc4 a6 10. a4 Nbd7 11. Bg5 Bxc3 12. bxc3 Qc7 13. Qe2 Nd5 14. Rac1 b6 15. Bd3 Nf4 16. Bxf4 Qxf4 17. Qe3 Qxe3 18. fxe3 Bb7 19. Ng5 h6 20. Bh7+ Kh8 21. Be4 Bxe4 22. Nxe4 Kg8 23. c4 Rac8 24. a5 f5 25. Nd2 bxa5 26. c5 Rc7 27. Ra1 e5 28. Rxa5 f4 29. Ne4 Rb8 30. dxe5 fxe3 31. e6 Ne5 32. Ra3 Nc4 33. Rc3 Nd2 34. Nxd2 exd2 35. Rd1 Re8 36. Rxd2 1/2-1/2

[Event "Chigorin Memorial 09th"]
[Site "St Petersburg"]
[Date "2001.10.31"]
[Round "6"]
[White "Lovkov, Roman"]
[Black "Paramonov, Dimitriy"]
[Result "0-1"]
[WhiteElo "2151"]
[BlackElo "2309"]
[PlyCount "90"]
[EventDate "2001.10.26"]
[EventType "swiss"]
[EventRounds "9"]
[EventCountry "RUS"]
[SourceTitle "EXT 2002"]
[Source "ChessBase"]
[SourceDate "2001.11.25"]
[SourceVersion "1"]
[SourceVersionDate "2001.11.25"]
[SourceQuality "1"]

1. e4 c5 2. Nf3 d6 3. d4 cxd4 4. Qxd4 Nc6 5. Bb5 Bd7 6. Bxc6 Bxc6 7. Nc3 Nf6 8. Bg5 Qb6 9. Qxb6 axb6 10. Nd2 b5 11. f3 Nd7 12. Nb3 Nb6 13. Nd4 b4 14. Nd1 Bd7 15. 0-0 e5 16. Nb3 d5 17. exd5 Nxd5 18. Re1 f6 19. Bd2 Kf7 20. Nf2 Be7 21. Nd3 Rhc8 22. Red1 Bf5 23. Bc1 Nb6 24. Be3 Nc4 25. Bf2 Rc6 26. Nbc1 Na5 27. g4 Bg6 28. Be1 Rd8 29. Bxb4 Bxb4 30. Nxe5+ fxe5 31. Rxd8 Ke7 32. Rd5 Ke6 33. Rb5 Bc5+ 34. Kg2 b6 35. c3 Nc4 36. Ne2 Ne3+ 37. Kg3 Bd3 38. Rxc5 bxc5 39. Kf2 Nd5 40. Ng3 Rb6 41. b3 Nxc3 42. Ke3 Bg6 43. h4 Nd5+ 44. Kf2 h6 45. Rc1 Nb4 0-1

[Event "Chigorin Memorial 09th"]
[Site "St Petersburg"]
[Date "2001.10.27"]
[Round "2"]
[White "Paramonov, Dimitriy"]
[Black "Timchenko, Aleksandr"]
[Result "1-0"]
[WhiteElo "2309"]
[BlackElo "2102"]
[PlyCount "87"]
[EventDate "2001.10.26"]
[EventType "swiss"]
[EventRounds "9"]
[EventCountry "RUS"]
[SourceTitle "EXT 2002"]
[Source "ChessBase"]
[SourceDate "2001.11.25"]
[SourceVersion "1"]
[SourceVersionDate "2001.11.25"]
[SourceQuality "1"]

1. e4 c6 2. d4 d5 3. Nc3 dxe4 4. Nxe4 Nf6 5. Nxf6+ gxf6 6. Be3 Bf5 7. Nf3 e6 8. Bd3 Bg6 9. Qd2 Qc7 10. 0-0-0 Nd7 11. Kb1 0-0-0 12. h4 Bh5 13. Rhg1 Bxf3 14. gxf3 h5 15. c4 Kb8 16. Qc3 c5 17. Bc2 cxd4 18. Bxd4 Bc5 19. a3 Ne5 20. b3 Rxd4 21. Rxd4 Nxf3 22. Rdd1 Nxg1 23. Qxf6 Rg8 24. Bh7 Qb6 25. Kc2 Rc8 26. Rxg1 Bd4 27. Qf4+ e5 28. Qxf7 Qa5 29. Rg3 Qxa3 30. Be4 Qa6 31. Kd3 b5 32. Bd5 bxc4+ 33. bxc4 Qb6 34. Ke4 Qb1+ 35. Kf3 Qh1+ 36. Ke2 Qb1 37. c5 Qb2+ 38. Kf1 Qxf2+ 39. Qxf2 Bxf2 40. Rb3+ Kc7 41. Kxf2 Rf8+ 42. Ke3 a5 43. Rb7+ Kc8 44. c6 1-0

[Event "Chigorin Memorial 09th"]
[Site "St Petersburg"]
[Date "2001.10.03"]
[Round "9"]
[White "Paramonov, Dimitriy"]
[Black "Biriukov, Oleg V"]
[Result "0-1"]
[WhiteElo "2309"]
[BlackElo "2370"]
[PlyCount "168"]
[EventDate "2001.10.26"]
[EventType "swiss"]
[EventRounds "9"]
[EventCountry "RUS"]
[SourceTitle "EXT 2002"]
[Source "ChessBase"]
[SourceDate "2001.11.25"]
[SourceVersion "1"]
[SourceVersionDate "2001.11.25"]
[SourceQuality "1"]

1. e4 c5 2. Nf3 d6 3. d4 cxd4 4. Nxd4 Nf6 5. Nc3 a6 6. Be2 e6 7. 0-0 Be7 8. Be3 0-0 9. a4 Nc6 10. f4 Re8 11. Kh1 Qc7 12. a5 Nxa5 13. e5 dxe5 14. fxe5 Nd7 15. Bf4 Nxe5 16. Bd3 g6 17. Qe2 f6 18. Nf3 Nac6 19. Be4 Bd7 20. Qf2 Bd6 21. Qg3 Ne7 22. Rad1 Rad8 23. Rxd6 Qxd6 24. Nxe5 fxe5 25. Bxe5 Rf8 26. Rg1 Qd2 27. Qh4 Rde8 28. Bxb7 Nf5 29. Qg4 Ne3 30. Qh4 Nf5 31. Qg4 Ne3 32. Qh3 Qf2 33. g4 Bb5 34. Ne4 Qf3+ 35. Qxf3 Rxf3 36. Nf6+ Rxf6 37. Bxf6 Nxc2 38. h4 Kf7 39. Be5 Rd8 40. Be4 Ne3 41. Bf3 Rd2 42. Bf4 Rf2 43. Bxe3 Rxf3 44. Re1 e5 45. Kg2 e4 46. b4 Ke6 47. h5 Ke5 48. h6 Bd7 49. g5 Bb5 50. Kh2 Kf5 51. Kg1 Bd3 52. Kh2 Ke6 53. Kg2 Ke5 54. Kh2 Kd5 55. Kg2 Kc4 56. Bc5 Kc3 57. Ra1 Rf5 58. Ra3+ Kb2 59. Ra5 Rxg5+ 60. Kf2 Rf5+ 61. Ke3 Rf3+ 62. Kd2 Rh3 63. Bf8 Bb5 64. Bc5 Rxh6 65. Bd4+ Kb3 66. Bc5 Rh1 67. Ke3 Re1+ 68. Kf2 Re2+ 69. Kg3 Re1 70. Kf2 Rf1+ 71. Ke3 h5 72. Be7 Re1+ 73. Kf2 Re2+ 74. Kg3 e3 75. Ra1 Rc2 76. Re1 e2 77. Kf2 Rc7 78. Bd6 Rf7+ 79. Ke3 Rf1 80. Kd2 h4 81. Be7 h3 82. Bd6 g5 83. Bg3 Kxb4 84. Ke3 Kb3 0-1